[Event "CAN-ch U08"]
[Site "Windsor"]
[Date "2016.07.08"]
[Round "7.122"]
[White "Locham, Divjot"]
[Black "Zhang, Angus"]
[Result "1-0"]
[WhiteElo "698"]
[BlackElo "1031"]
[PlyCount "93"]
[EventDate "2016.07.05"]
[EventType "swiss"]
[EventRounds "7"]
[EventCountry "CAN"]
[SourceTitle "EXT 2022"]
[Source "ChessBase"]
[SourceDate "2021.10.06"]
[SourceVersion "1"]
[SourceVersionDate "2021.10.06"]
[SourceQuality "1"]

1. e4 e5 2. Nf3 Nc6 3. Nc3 Nf6 4. Be2 Bb4 5. Bd3 Bxc3 6. dxc3 d6 7. 0-0 0-0 8. Bg5 h6 9. Bxf6 Qxf6 10. Re1 Bg4 11. Re3 Qg6 12. h3 Bxh3 13. Nh4 Qg5 14. Rxh3 Ne7 15. Nf3 Qg4 16. Rh4 Qd7 17. Bc4 Ng6 18. Rh5 Qg4 19. Rh1 Nf4 20. Rh2 Kh8 21. Nh4 Ng6 22. Qxg4 c6 23. Bxf7 Nxh4 24. Rxh4 Rxf7 25. Re1 Rf4 26. Qh5 Rf6 27. Qg5 Kg8 28. Rxh6 Rxh6 29. Re3 Kf7 30. Rf3+ Kg8 31. Rg3 Rh7 32. Rh3 Rxh3 33. gxh3 Rf8 34. h4 Rf6 35. h5 Kf7 36. Kg2 g6 37. h6 Re6 38. h7 Re8 39. Qh6 Rh8 40. Kg3 g5 41. Kg4 d5 42. exd5 cxd5 43. Kxg5 e4 44. Qg6+ Kf8 45. Kf6 Rxh7 46. Qxh7 Ke8 47. Qe7# 1-0